Structure and Tribotechnical Properties of Al-Sn Alloys Prepared by the Method of Liquid-Phase Sintering; Advanced Materials Research; Vol. 1040 : High Technology: Research and Applications 2014 (HTRA 2014)

Opis bibliograficzny
Parent link:Advanced Materials Research: Scientific Journal
Vol. 1040 : High Technology: Research and Applications 2014 (HTRA 2014).— 2014.— [P. 166-170]
1. autor: Rusin N. M.
Korporacja: Национальный исследовательский Томский политехнический университет (ТПУ) Институт физики высоких технологий (ИФВТ) Кафедра физики высоких технологий в машиностроении (ФВТМ)
Kolejni autorzy: Skorentse A. L., Kolubaev Е. А. Evgeny Aleksandrovich
Streszczenie:Title screen
The structure and tribotechnical properties of sintered Al-Sn alloys were studied. It was pointed that the sintering of pure metals powders allows save the skeleton structure of aluminium matrix at the enlarging concentration of tin up to 50% that twice higher its content in commercial alloys this system. It was established that the high Sn content in sintered alloys leads to their well wear resistance under the dry friction conditions, but it not has an influence on the value of friction coefficient.
Режим доступа: по договору с организацией-держателем ресурса
Język:angielski
Wydane: 2014
Seria:Advanced Materials and Nanotechnology
Hasła przedmiotowe:
Dostęp online:http://dx.doi.org/10.4028/www.scientific.net/AMR.1040.166
Format: MixedMaterials Elektroniczne Rozdział
KOHA link:https://koha.lib.tpu.ru/cgi-bin/koha/opac-detail.pl?biblionumber=640907

MARC

LEADER 00000nla2a2200000 4500
001 640907
005 20240226103544.0
035 |a (RuTPU)RU\TPU\network\5771 
035 |a RU\TPU\network\5764 
090 |a 640907 
100 |a 20150430a2014 k y0engy50 ba 
101 0 |a eng 
102 |a US 
105 |a y z 100zy 
135 |a drcn ---uucaa 
181 0 |a i  
182 0 |a b 
200 1 |a Structure and Tribotechnical Properties of Al-Sn Alloys Prepared by the Method of Liquid-Phase Sintering  |f N. M. Rusin, A. L. Skorentse, Е. А. Kolubaev 
203 |a Text  |c electronic 
225 1 |a Advanced Materials and Nanotechnology 
300 |a Title screen 
330 |a The structure and tribotechnical properties of sintered Al-Sn alloys were studied. It was pointed that the sintering of pure metals powders allows save the skeleton structure of aluminium matrix at the enlarging concentration of tin up to 50% that twice higher its content in commercial alloys this system. It was established that the high Sn content in sintered alloys leads to their well wear resistance under the dry friction conditions, but it not has an influence on the value of friction coefficient. 
333 |a Режим доступа: по договору с организацией-держателем ресурса 
461 0 |0 (RuTPU)RU\TPU\network\4598  |t Advanced Materials Research  |o Scientific Journal 
463 0 |0 (RuTPU)RU\TPU\network\4652  |t Vol. 1040 : High Technology: Research and Applications 2014 (HTRA 2014)  |o The International Conference, March 26-28, 2014, Tomsk, Russia  |o [proceedings]  |v [P. 166-170]  |d 2014 
610 1 |a электронный ресурс 
610 1 |a труды учёных ТПУ 
610 1 |a антифрикционные материалы 
610 1 |a сухое трение 
610 1 |a порошковая металлургия 
610 1 |a изнашивание 
700 1 |a Rusin  |b N. M. 
701 1 |a Skorentse  |b A. L. 
701 1 |a Kolubaev  |b Е. А.  |c physicist  |c engineer of Tomsk Polytechnic University, Candidate of Physical and Mathematical Sciences  |f 1979-  |g Evgeny Aleksandrovich  |3 (RuTPU)RU\TPU\pers\34115  |9 17655 
712 0 2 |a Национальный исследовательский Томский политехнический университет (ТПУ)  |b Институт физики высоких технологий (ИФВТ)  |b Кафедра физики высоких технологий в машиностроении (ФВТМ)  |3 (RuTPU)RU\TPU\col\18687 
801 2 |a RU  |b 63413507  |c 20161229  |g RCR 
856 4 |u http://dx.doi.org/10.4028/www.scientific.net/AMR.1040.166 
942 |c CF